00957nam a2200277 a 4500001000200000003000900002005001700011007000200028008003800030020001800068040002200086082002600108100001800134245013000152246004100282260004300323300003000366490003900396534003500435650004000470650004400510700003800554700003300592700003500625710001900660 DO-SdBNP20220322135537.0 090819s2008 mx a 000 0 spa d a9789702218340 aBPMSUbspacBPMSU a813.5bK46pe 20082221 a Kidd, Ronald10aPeter Pan :bamigos, ¡al abordaje! /cRonald Kidd ; ilustrado por Kelvin Kidne y Jody Daily ; traductor Beatriz Stellino 13aPadres e hijos comparten y aprenden  aMéxico :bEdiciones Larousse, c2008 a[42] p. :bils. ;c27 cm.0 aMi biblioteca familiar bilingüe  aTexto en español e inglés  4aCuentos infantiles estadounidenses. 4aLiteratura infantil estadounidensesv 1 a Kidney, Kelvin eilustración 1 aDaily, Jody eilustración 1 aStellino, Beatriz etraductor 2 aWalt Disney